000 01389nam a2200337 c 4500
003 BLK
005 20180422113508.0
008 180410b bul|||||r ||||||| ||bul||
010 _aKNG00164010000
040 _aBLK
041 _aBUL
_cBUL
072 7 _2bullib
_aС
_xСтаропечатен фонд
080 _aКатехизис. Символи на вярата
_b238
_x
_z238
700 1 _aПутятин, Радион Т.
_e*
_9113461
700 1 _aМихайловски, Никола Стоянов
_e*
_9380238
139 _aПутятин, Радион Т.
_bП 93
245 1 0 _aКатихизически поучения от протойерея Родиона Путятина
_b/ Превод Н. Михайловскаго
_c* Радион Т. Путятин; * Никола Стоянов Михайловски.
257 _aRUS
260 В. Търново
_bкнигопродавница Момчилова и сие
_c1868
_fРусчук : В печатницата на Дунавската област
300 _a116 с.
_c20 см
380 _a0
650 4 _aКатехизис, православен
_9257321
653 _aкатехизис
653 _aправославие
659 _aС
852 _aЦб Ст 5271*989
856 4 _qpdf
_u
856 4 _qpdf
_u
942 _cKNG
_n0
944 _aCR
_c11.08.2014
_kТеодора_Стоянова
944 _aED
_c11.08.2014
_k
999 _c157069
_d157069